000 01157cam a22003377a 4500
003 CHAP
005 20220329133235.0
008 971013s1990 r 00010 d
010 _a3807
011 _a4779
035 _a3983
040 _cCHAP
090 _aFolleto 13084
110 _aMéxico. Secretaría Forestal
_977233
245 0 _aPrincipales insectos descortezadores de México
_b: identificación en campo: y su control
260 _aMéxico, D. F. :
_bLa Subsecretaría,
_c1990
300 _a39 p.
_b: ilus
590 _aBATCH-UPD
_b10
_c20130110
_lUCH01
_h1610
590 _aBATCH-UPD
_b10
_c20130410
_lUCH01
_h1006
590 _aBATCH-UPD
_b10
_c20130914
_lUCH01
_h1142
590 _aCONVERSION
_b10
_c20130109
_lUCH01
_h1303
650 1 4 _aÁrboles
_xPlagas.
_982440
650 1 4 _aDendroctonus.
_931770
650 1 4 _aInsectos parásitos y predatores.
_958961
650 1 4 _aInsectos
_xIdentificación.
_958929
901 _aBK
942 _cFOLL
949 _aFolleto 13084
_bBC
_cFOLL
_d-13514
_eTS1
_i3983
_mD
_si
949 _aFolleto 13084
_bBC
_cFOLL
_d-73889
_eTS2
_fc.2
_i3983
_mD
_si
949 _aFolleto 13084
_bBC
_cFOLL
_d-73890
_eTS2
_fc.3
_i3983
_mD
_si
999 _c3807
_d3807